Pippi Longstocking / (Record no. 1869)

MARC details
000 -LEADER
fixed length control field 01384 am a2200421ua 4500
001 - CONTROL NUMBER
control field 1869
003 - CONTROL NUMBER IDENTIFIER
control field FISKH
005 - DATE AND TIME OF LATEST TRANSACTION
control field 20241023154306.0
008 - FIXED-LENGTH DATA ELEMENTS--GENERAL INFORMATION
fixed length control field 001016r20001954enka j| 000 1|eng
015 ## - NATIONAL BIBLIOGRAPHY NUMBER
National bibliography number GBA0X7663
Source bnb
020 ## - INTERNATIONAL STANDARD BOOK NUMBER
International Standard Book Number 9780590016551
020 ## - INTERNATIONAL STANDARD BOOK NUMBER
International Standard Book Number 9780439580472
039 0# - LEVEL OF BIBLIOGRAPHIC CONTROL AND CODING DETAIL [OBSOLETE]
Level of rules in bibliographic description 2613
040 ## - CATALOGING SOURCE
Original cataloging agency FISKH
Modifying agency FISKH
Language of cataloging eng
Transcribing agency FISKH
041 1# - LANGUAGE CODE
Language code of text/sound track or separate title eng
Language code of original swe
050 ## - LIBRARY OF CONGRESS CALL NUMBER
Classification number PZ7.L6585
082 04 - DEWEY DECIMAL CLASSIFICATION NUMBER
Classification number 839.7374
Edition number 21
100 1# - MAIN ENTRY--PERSONAL NAME
Personal name Lindgren, Astrid,
Dates associated with a name 1907-2002.
240 10 - UNIFORM TITLE
Uniform title Pippi Langstrump.
Language of a work English
245 10 - TITLE STATEMENT
Title Pippi Longstocking /
Statement of responsibility, etc. By Astrid Lindgren ; translated from the Swedish by Florence Lamborn ; illustrated by Nancy Seligsohn
250 ## - EDITION STATEMENT
Edition statement This edition printing, February 2006
260 ## - PUBLICATION, DISTRIBUTION, ETC.
Place of publication, distribution, etc. New York :
Name of publisher, distributor, etc. Scholastic,
Date of publication, distribution, etc. 1950
300 ## - PHYSICAL DESCRIPTION
Extent 116 pages :
Other physical details illustrations ;
Dimensions 20 cm.
336 ## - CONTENT TYPE
Content type term text
Source rdacontent
337 ## - MEDIA TYPE
Media type term unmediated
Source rdamedia
338 ## - CARRIER TYPE
Carrier type term volume
Source rdacarrier
490 0# - SERIES STATEMENT
Series statement Oxford children's modern classics
505 ## - FORMATTED CONTENTS NOTE
Formatted contents note W <br/>
521 8# - TARGET AUDIENCE NOTE
Target audience note 870<br/>
Source Lexile<br/>
521 8# - TARGET AUDIENCE NOTE
Target audience note W<br/>
Source Raz-Plus<br/>
546 ## - LANGUAGE NOTE
Language note Translation from the Swedish.
650 #0 - SUBJECT ADDED ENTRY--TOPICAL TERM
Topical term or geographic name entry element Longstocking, Pippi (Fictitious character)
Form subdivision Juvenile fiction.
650 #0 - SUBJECT ADDED ENTRY--TOPICAL TERM
Topical term or geographic name entry element Girls
Geographic subdivision Sweden
Form subdivision Juvenile fiction.
650 #0 - SUBJECT ADDED ENTRY--TOPICAL TERM
Topical term or geographic name entry element Friendship in children
Geographic subdivision Sweden
Form subdivision Juvenile fiction.
655 07 - INDEX TERM--GENRE/FORM
Genre/form data or focus term Children's stories.
Source of term lcsh
700 1# - ADDED ENTRY--PERSONAL NAME
Personal name Seligsohn, Nancy
Relator term illustrator
942 ## - ADDED ENTRY ELEMENTS (KOHA)
Source of classification or shelving scheme Dewey Decimal Classification
Koha item type Books
Suppress in OPAC No
Holdings
Withdrawn status Lost status Source of classification or shelving scheme Damaged status Not for loan Collection Home library Current library Shelving location Date acquired Total Checkouts Full call number Barcode Date last seen Copy number Price effective from Koha item type Date last checked out
    Dewey Decimal Classification     Fiction Footprints International School Library Network Toul Kork Campus Footprints International School Library Network Toul Kork Campus A TK Campus, 4th Floor, Room B401, Fiction Bookcases (1-6) 10/06/2023   LIN 839.7374 PZ7.L6585 FISTK00197 10/06/2023 1 10/06/2023 Books  
    Dewey Decimal Classification     Fiction Footprints International School Library Network Toul Kork Campus Footprints International School Library Network Toul Kork Campus A TK Campus, 4th Floor, Room B401, Fiction Bookcases (1-6) 10/06/2023 1 LIN 839.7374 PZ7.L6585 FISTK04851 04/01/2026 2 10/06/2023 Books 03/02/2026
    Dewey Decimal Classification     Fiction Footprints International School Library Network Toul Kork Campus Footprints International School Library Network Toul Kork Campus TTP Secondary Fiction Bookshelves 03/21/2024   LIN PZ7.L6585 839.7374 2024-0385 03/21/2024 3 03/21/2024 Books  
    Dewey Decimal Classification     Fiction Footprints International School Library Network Toul Kork Campus Footprints International School Library Network Toul Kork Campus TTP Secondary Fiction Bookshelves 03/21/2024   LIN PZ7.L6585 839.7374 FISSE01117 10/22/2024 4 03/21/2024 Books